<?xml version="1.0" encoding="UTF-8"?>
<marc:record xmlns:marc="http://www.loc.gov/MARC21/slim">
   <marc:leader>00000nam a2200000 a 4500</marc:leader>
   <marc:datafield ind1="0" ind2="0" tag="245">
      <marc:subfield code="a">Bücherwurm</marc:subfield>
   </marc:datafield>
   <marc:datafield ind1="0" ind2="0" tag="245">
      <marc:subfield code="b">das Kartenspiel</marc:subfield>
   </marc:datafield>
   <marc:datafield ind1=" " ind2="1" tag="264">
      <marc:subfield code="b">Pegasus Spiele</marc:subfield>
   </marc:datafield>
   <marc:datafield ind1="1" ind2=" " tag="520">
      <marc:subfield code="a">Eine Handvoll Anfangsbuchstaben und eine Kategorie, zu der es Wörter zu finden gilt. Früher oder später gelingt dies jedem, doch in Bücherwurm ist nicht nur Einfallsreichtum, sondern auch Schnelligkeit gefragt. Denn wer hier zuerst mit jeder seiner Handkarten passende Begriffe einleitet, punktet. Die verschiedenen Spielvarianten ermöglichen sowohl das geordnete Nacheinander als auch den turbulenten, offenen Schlagabtausch. Ein rasantes Vergnügen für aufgeweckte Wortakrobaten. </marc:subfield>
   </marc:datafield>
   <marc:datafield ind1="3" ind2=" " tag="024">
      <marc:subfield code="a">4250231718052</marc:subfield>
   </marc:datafield>
</marc:record>
